00971nam a22001697a 4500003000900000008004100009040007100050082002700121100004500148245004300193260003500236300002500271505044500296650002500741650002100766650001400787AR-CdUCM190329b ||||| |||| 00| 0 spa d aMUNICIPALIDAD PROVINCIAL DEL CUSCOcBIBLIOTECA MUNICIPAL DEL CUSCO a985.41 /bZ24 A / 1958 aZamácola y Jáuregui, Juan Domingo de aApuntes para la historia de Arequipa / aArequipa :bMejia Vaca,c1958. a98 paginas ;c17 cm. aContenido : Apuntes para la historia de Arequipa -- Noticia del cura Zamácola, por Jose Hurtado de Villafuerte -- Comunicaciones del párroco de Cayma D. Juan Domingo Zamácola al intendente de Arequipa D. Antonio Alvarez, relacionadas con la visita a su doctrina -- El párroco de Cayma sugiere al intendente de Arequipa que aprovechando de la mensura y concesión de solares en su doctrina, se aproveche para abrir nuevas calles... aHistoria de Arequipa aPoblado de Cayma aPárroco